[Event "Oslo Chess International 2014"]
[Site "Oslo"]
[Date "2014.09.28"]
[Round "6"]
[White "Bakkes, Frits"]
[Black "Lie, Terje"]
[Result "1-0"]
[WhiteElo "1682"]
[BlackElo "1575"]
[PlyCount "47"]
[EventDate "2014.??.??"]

1. e4 d6 2. d4 Nf6 3. Nc3 g6 4. Nf3 Bg7 5. Be2 d5 6. exd5 Nxd5 7. Nxd5 Qxd5 8.
O-O O-O 9. c4 Qd8 10. Be3 c6 11. Qc2 Nd7 12. Rfd1 Nf6 13. h3 Bf5 14. Qb3 b6 15.
Ne5 Qc8 16. Bf3 Be4 17. Bxe4 Nxe4 18. Bf4 e6 19. Qg3 f5 20. d5 cxd5 21. cxd5
exd5 22. Rxd5 Rd8 23. Rxd8+ Qxd8 24. Qb3+
1-0

[Event "Oslo Chess International 2014"]
[Site "Oslo"]
[Date "2014.09.28"]
[Round "6"]
[White "Tveten, Per"]
[Black "Taranger, Rune"]
[Result "0-1"]
[WhiteElo "1593"]
[BlackElo "1681"]
[PlyCount "83"]
[EventDate "2014.??.??"]

1. e4 g6 2. Nf3 Bg7 3. d4 d6 4. h3 b6 5. Bc4 e6 6. Nc3 Bb7 7. d5 e5 8. O-O Ne7
9. Be3 h6 10. Qd2 g5 11. Be2 Ng6 12. g3 Nd7 13. Nh2 Nf6 14. Bb5+ Kf8 15. Be2
Bc8 16. Kg2 Qd7 17. g4 Nf4+ 18. Bxf4 gxf4 19. f3 a6 20. a4 h5 21. Rh1 hxg4 22.
Nxg4 Nh5 23. Bd1 Ng3 24. Rh2 Qe7 25. Qf2 Bf6 26. Ne2 Bh4 27. Qg1 Rg8 28. c4 f5
29. Nf2 Nxe2+ 30. Ng4 Nxg1 31. Kxg1 fxg4 32. fxg4 Bd7 33. Bf3 Kf7 34. Kh1 b5
35. Be2 bxa4 36. Bd1 Rgb8 37. Bxa4 Bxa4 38. Rxa4 Rb3 39. Ra3 Rxa3 40. bxa3 Rb8
41. Ra2 Rb3 42. Kg2
0-1

[Event "Oslo Chess International 2014"]
[Site "Oslo"]
[Date "2014.09.28"]
[Round "6"]
[White "Bø, Torgeir H"]
[Black "Berntsen-Øybø, August"]
[Result "0-1"]
[WhiteElo "1474"]
[BlackElo "1676"]
[PlyCount "112"]
[EventDate "2014.??.??"]

1. g3 d5 2. d4 Bf5 3. Bg2 e6 4. Nf3 Nf6 5. O-O Be7 6. Bf4 O-O 7. Nbd2 c5 8. c3
Nc6 9. Nb3 c4 10. Nbd2 b5 11. Nh4 Bg6 12. Nxg6 fxg6 13. e4 b4 14. e5 Ne8 15.
Qg4 Nc7 16. Nf3 Qd7 17. h4 Rf5 18. Qh3 Raf8 19. Ng5 h6 20. Nf3 g5 21. hxg5 hxg5
22. Be3 Rxf3 23. Bxf3 Rxf3 24. Kg2 Rf8 25. Qh5 Qe8 26. Qg4 Qg6 27. f4 Qe4+ 28.
Qf3 Qxf3+ 29. Rxf3 gxf4 30. Bxf4 bxc3 31. bxc3 Rb8 32. g4 Rb2+ 33. Rf2 Ba3 34.
Bd2 Nb5 35. g5 Kh7 36. Kg3 Ne7 37. Bc1 Rxf2 38. Kxf2 Bxc1 39. Rxc1 Kg6 40. a4
Nc7 41. Rb1 Nc6 42. Rg1 Na5 43. Kf3 Nb3 44. Kg4 a5 45. Rg2 Na8 46. Rb2 Nb6 47.
Ra2 Nc8 48. Rf2 Ne7 49. Rh2 Nf5 50. Kf4 Nc1 51. Kg4 Nd3 52. Rh1 Nf2+ 53. Kf4
Nxh1 54. Kf3 Kxg5 55. Kg2 Nxd4 56. Kxh1 Ne2
0-1

[Event "Oslo Chess International 2014"]
[Site "Oslo"]
[Date "2014.09.28"]
[Round "6"]
[White "Sjøberg, Isak"]
[Black "Røneid, Heidi"]
[Result "1-0"]
[WhiteElo "1355"]
[BlackElo "1675"]
[PlyCount "81"]
[EventDate "2014.??.??"]

1. e4 e5 2. Nf3 Nc6 3. Bb5 a6 4. Bxc6 dxc6 5. O-O f6 6. d4 exd4 7. Nxd4 c5 8.
Ne2 Qxd1 9. Rxd1 Bd7 10. Bf4 O-O-O 11. Nbc3 Ne7 12. Bg3 Ng6 13. Nd5 Ne5 14.
Nef4 Bd6 15. Nd3 Rhe8 16. Bxe5 fxe5 17. Ne3 b5 18. c4 Rf8 19. a3 Be6 20. Rac1
bxc4 21. Nxc4 Bxc4 22. Rxc4 Kb7 23. Rdc1 Rf7 24. Kf1 Kb6 25. Nxc5 Bxc5 26. Rxc5
Rd2 27. f3 Rd1+ 28. Rxd1 Kxc5 29. Rd5+ Kc4 30. Rxe5 Kb3 31. Re6 Kxb2 32. Rxa6
Rd7 33. a4 c5 34. Rc6 Rd1+ 35. Ke2 Rc1 36. Rb6+ Kc3 37. e5 Kd4 38. e6 Rc2+ 39.
Kd1 Rxg2 40. e7 Rg1+ 41. Ke2
1-0

[Event "Oslo Chess International 2014"]
[Site "Oslo"]
[Date "2014.09.28"]
[Round "6"]
[White "Grønn, Embla Ekeland"]
[Black "Hem, Even Elias Yuan"]
[Result "0-1"]
[WhiteElo "1389"]
[BlackElo "1648"]
[PlyCount "112"]
[EventDate "2014.??.??"]

1. d4 Nf6 2. Nc3 e6 3. e4 b6 4. e5 Ng8 5. Nf3 Bb7 6. Bd3 c5 7. Nb5 d6 8. Nxd6+
Bxd6 9. exd6 Qxd6 10. dxc5 Qxc5 11. O-O Ne7 12. b3 O-O 13. Bb2 Nbc6 14. Re1
Rad8 15. Re4 Nb4 16. Rg4 Ng6 17. Ba3 Bxf3 18. gxf3 Rd4 19. Rxd4 Qxd4 20. Bxg6
Qf6 21. Bxh7+ Kxh7 22. Bxb4 Rd8 23. Qf1 Qxf3 24. Re1 Rd4 25. Qb5 Rg4+ 26. Kf1
Qg2+ 27. Ke2 Qe4+ 28. Kd1 Qxb4 29. Qxb4 Rxb4 30. Re2 Kg6 31. Rd2 a5 32. Ke2 Rh4
33. Rd6 b5 34. Ra6 a4 35. Rb6 axb3 36. cxb3 b4 37. Rb5 Kf6 38. Ke3 e5 39. f3
Rxh2 40. Rxb4 Rxa2 41. Ke4 Ra5 42. Rb6+ Kg5 43. b4 f5+ 44. Kd3 Ra3+ 45. Ke2 Kf4
46. Rg6 Rxf3 47. Rxg7 Rb3 48. Rb7 e4 49. b5 Rb2+ 50. Kd1 e3 51. b6 Kf3 52. Rf7
f4 53. b7 e2+ 54. Kc1 Rxb7 55. Rxb7 e1=Q+ 56. Kc2 Qe4+
0-1

[Event "Oslo Chess International 2014"]
[Site "Oslo"]
[Date "2014.09.28"]
[Round "6"]
[White "Hauan, Tore Martin Madsø"]
[Black "Hjelle, Øyvind"]
[Result "0-1"]
[WhiteElo "1647"]
[BlackElo "1357"]
[PlyCount "120"]
[EventDate "2014.??.??"]

1. d4 d5 2. c4 c6 3. Nf3 Nf6 4. e3 Nbd7 5. Nc3 e6 6. Bd3 dxc4 7. Bxc4 b5 8. Bb3
Bd6 9. O-O Bb7 10. Bd2 a6 11. Rc1 c5 12. dxc5 Nxc5 13. Bc2 b4 14. Na4 Nce4 15.
b3 O-O 16. Nb2 Nxd2 17. Nxd2 Nd5 18. Ne4 Bc7 19. Qh5 f5 20. Ng5 Nf6 21. Qh4 Qe7
22. Nxh7 Bxh2+ 23. Kh1 Rfe8 24. Nxf6+ Kf7 25. Qh5+ Kxf6 26. Qh4+ g5 27. Qh6+
Kf7 28. Qh7+ Kf6 29. Qxe7+ Rxe7 30. Kxh2 Rh8+ 31. Kg1 Reh7 32. f3 Bxf3 33. e4
Bxg2 34. e5+ Ke7 35. Rfe1 Bf3 36. Kf2 Rh2+ 37. Ke3 R8h3 38. Kd4 Bd5 39. Na4 Rh8
40. Bb1 R2h4+ 41. Kc5 Rc8+ 42. Kb6 Rb8+ 43. Kxa6 Kf7 44. Nc5 Rhh8 45. Nd7 Rb7
46. Nb6 Bf3 47. Nc8 Rd7 48. Ka5 Rd4 49. Rc7+ Kg6 50. Ne7+ Kh5 51. Kb5 Rhd8 52.
Rec1 g4 53. R7c4 Be2 54. Kxb4 Bxc4 55. bxc4 Rd1 56. Rxd1 Rxd1 57. Nxf5 Rxb1+
58. Kc5 exf5 59. e6 g3 60. e7 Re1
0-1

[Event "Oslo Chess International 2014"]
[Site "Oslo"]
[Date "2014.09.28"]
[Round "6"]
[White "Enersen, Eirik S"]
[Black "Roksvold, Thore"]
[Result "1/2-1/2"]
[WhiteElo "1591"]
[BlackElo "1140"]
[PlyCount "53"]
[EventDate "2014.??.??"]

1. e4 e6 2. d4 d5 3. exd5 exd5 4. c4 Nf6 5. Nc3 Be6 6. Qb3 b6 7. cxd5 Nxd5 8.
Bc4 c6 9. Nxd5 Bxd5 10. Bxd5 Qxd5 11. Qxd5 cxd5 12. Bd2 Be7 13. Nf3 O-O 14. O-O
Bf6 15. Bg5 Nd7 16. Bxf6 Nxf6 17. Ne5 Rac8 18. Rac1 Rfe8 19. Rfe1 Kf8 20. Kf1
g6 21. g3 Kg7 22. Kg2 Ne4 23. Nd3 Rc4 24. Rxc4 dxc4 25. Ne5 Nd6 26. Rc1 b5 27.
Rc2
1/2-1/2

[Event "Oslo Chess International 2014"]
[Site "Oslo"]
[Date "2014.09.28"]
[Round "6"]
[White "Bjørnsen, Magnus"]
[Black "Kalkman - De Koster, Franzke"]
[Result "0-1"]
[WhiteElo "925"]
[BlackElo "1589"]
[PlyCount "62"]
[EventDate "2014.??.??"]

1. e4 e5 2. Nf3 d6 3. d4 exd4 4. Nxd4 Nf6 5. Nc3 Be7 6. Be3 a6 7. Bd3 Bd7 8. f3
c5 9. Nf5 Bxf5 10. exf5 b5 11. Be4 Ra7 12. Nd5 Nxe4 13. fxe4 Bh4+ 14. g3 Bf6
15. Bg5 Bxg5 16. h4 Bf6 17. Nxf6+ Qxf6 18. c3 Nc6 19. Qf3 Ne5 20. Qe2 c4 21.
O-O-O Nd3+ 22. Kb1 O-O 23. g4 b4 24. g5 Qe5 25. Kc2 bxc3 26. bxc3 Rb7 27. Rb1
Rxb1 28. Rxb1 Qg3 29. Rh1 Rb8 30. Rb1 Rxb1 31. Kxb1 Qg1+
0-1

[Event "Oslo Chess International 2014"]
[Site "Oslo"]
[Date "2014.09.28"]
[Round "6"]
[White "Merkesvik, Amalie Isabel"]
[Black "Nymo, Olav Andreas Førde"]
[Result "1-0"]
[WhiteElo "1530"]
[BlackElo "1200"]
[PlyCount "47"]
[EventDate "2014.??.??"]

1. e4 c6 2. d4 d5 3. exd5 cxd5 4. c4 dxc4 5. Bxc4 Bf5 6. Nc3 Nf6 7. Nf3 h6 8.
h3 e6 9. a3 a6 10. Be3 Bd6 11. O-O Nbd7 12. Bd3 Bxd3 13. Qxd3 Rc8 14. Rfe1 O-O
15. Rad1 Qb6 16. b4 a5 17. d5 Qc7 18. Nb5 Qb8 19. dxe6 fxe6 20. Nxd6 Rc6 21.
Bf4 Qa8 22. Rxe6 axb4 23. axb4 Rd8 24. Qb3
1-0

[Event "Oslo Chess International 2014"]
[Site "Oslo"]
[Date "2014.09.28"]
[Round "6"]
[White "Landsverk, Ida"]
[Black "Sivaranjan, Pradheeban"]
[Result "1-0"]
[WhiteElo "1359"]
[BlackElo "1030"]
[PlyCount "65"]
[EventDate "2014.??.??"]

1. Nf3 Nc6 2. c4 f5 3. g3 Nf6 4. Bg2 g6 5. O-O Bg7 6. d3 d6 7. a3 Bd7 8. Nc3
Qc8 9. b4 f4 10. Bxf4 Bh3 11. b5 Nd8 12. Qb3 Bxg2 13. Kxg2 Ne6 14. Bd2 Nc5 15.
Qa2 Nh5 16. d4 Ne6 17. e3 Rf8 18. Rac1 Nf6 19. c5 Ng4 20. cxd6 exd6 21. Ne4 Nh6
22. Nxd6+ Kd8 23. Nxc8 Rxc8 24. Qxe6 Rf5 25. Bb4 Bf6 26. e4 Rxf3 27. Kxf3 Bg5
28. Qd5+ Ke8 29. Qxg5 Kf7 30. Qe7+ Kg8 31. Rxc7 Nf7 32. Qxf7+ Kh8 33. Rxc8#
1-0

[Event "Oslo Chess International 2014"]
[Site "Oslo"]
[Date "2014.09.28"]
[Round "6"]
[White "Thorvaldsen, Thomas"]
[Black "Hånes, Sturle"]
[Result "1-0"]
[WhiteElo "908"]
[BlackElo "1309"]
[PlyCount "61"]
[EventDate "2014.??.??"]

1. e4 c5 2. Nf3 Nc6 3. d4 cxd4 4. Nxd4 e5 5. Nb3 b6 6. Nc3 Nf6 7. Bc4 Be7 8.
Bg5 O-O 9. h4 h6 10. Qe2 d6 11. Bxf6 Bxf6 12. Bd5 Bb7 13. Qc4 Rc8 14. g3 Nd4
15. Qd3 Bxd5 16. exd5 Re8 17. O-O-O Nxb3+ 18. axb3 Qd7 19. Rdg1 g6 20. g4 Bg7
21. g5 h5 22. Ne4 Qe7 23. Rf1 Kh8 24. f4 exf4 25. Rxf4 Qe5 26. Rhf1 Rc7 27. Nc3
Kg8 28. Re4 Rxc3 29. Rxe5 Rxd3 30. Rxe8+ Kh7 31. cxd3
1-0

[Event "Oslo Chess International 2014"]
[Site "Oslo"]
[Date "2014.09.28"]
[Round "6"]
[White "Pedersen, Helge F"]
[Black "Ingebretsen, Jens E"]
[Result "1-0"]
[WhiteElo "888"]
[BlackElo "1117"]
[PlyCount "43"]
[EventDate "2014.??.??"]

1. e4 e6 2. d4 d5 3. e5 c5 4. c3 Nc6 5. Nf3 Qb6 6. Be2 Nge7 7. O-O Nf5 8. Bd3
cxd4 9. Bxf5 dxc3 10. Bxe6 Bxe6 11. Nxc3 O-O-O 12. Qc2 Kb8 13. Bg5 Be7 14. Bxe7
Nxe7 15. Qd2 Ng6 16. Na4 Qb5 17. b3 Bg4 18. Nd4 Qd7 19. Nc5 Qe7 20. Qb4 Rc8 21.
Rac1 Bd7 22. Qxb7#
1-0

[Event "Oslo Chess International 2014"]
[Site "Oslo"]
[Date "2014.09.28"]
[Round "6"]
[White "Larsen, Per Magnus"]
[Black "Berg-Olsen, Sebastian N"]
[Result "0-1"]
[WhiteElo "1000"]
[BlackElo "910"]
[PlyCount "50"]
[EventDate "2014.??.??"]

1. d4 Nf6 2. c4 c5 3. d5 b5 4. e3 b4 5. b3 d6 6. Bb2 e6 7. dxe6 Bxe6 8. Nd2 g6
9. Qf3 Nbd7 10. Ne4 Be7 11. Rd1 O-O 12. Nxd6 Qa5 13. a4 bxa3+ 14. Rd2 axb2 15.
Bd3 Bxd6 16. Ne2 Rab8 17. Bb1 Rxb3 18. Qc6 Bf5 19. Qxd6 Bxb1 20. O-O Ne4 21.
Qxf8+ Kxf8 22. Rxd7 Bd3 23. Rd1 b1=Q 24. Nc3 Qxd1+ 25. Nxd1 Qe1#
0-1

[Event "Oslo Chess International 2014"]
[Site "Oslo"]
[Date "2014.09.28"]
[Round "7"]
[White "Svensen, Tarjei Joten"]
[Black "Kovachev, Daniel Jakobsen"]
[Result "0-1"]
[WhiteElo "2082"]
[BlackElo "2289"]
[PlyCount "158"]
[EventDate "2014.??.??"]

1. d4 Nf6 2. c4 e6 3. Nf3 d5 4. g3 dxc4 5. Bg2 Nc6 6. Qa4 Bb4+ 7. Bd2 Nd5 8.
Bxb4 Ndxb4 9. O-O Rb8 10. Ne5 Qxd4 11. Nxc6 Nxc6 12. Rd1 Qc5 13. Bxc6+ bxc6 14.
Qc2 O-O 15. Nd2 Ba6 16. b3 c3 17. Ne4 Qe5 18. Nxc3 c5 19. Ne4 c4 20. Rab1 cxb3
21. axb3 Rb4 22. Nc5 Qxe2 23. Rd2 Qb5 24. Nxa6 Qxa6 25. Qxc7 h6 26. Rd8 Rxd8
27. Qxd8+ Kh7 28. Qc7 Rb7 29. Qc3 Qb5 30. Ra1 Rd7 31. b4 f5 32. Qe3 Qb6 33. Qe5
Rd5 34. Qc3 a6 35. Qc4 Rd6 36. Qc3 Rc6 37. Qd3 Rd6 38. Qc3 Rc6 39. Qb3 Qb5 40.
Qa3 Rd6 41. Rb1 Qd5 42. Qa5 Qd3 43. Rc1 Qd2 44. Qc5 Kg6 45. Qc3 Qxc3 46. Rxc3
Kf6 47. Rc5 Rb6 48. Ra5 g5 49. h3 Ke7 50. Kf1 Kd7 51. Ke2 Kc7 52. Kd3 Kb7 53.
Kc3 Rc6+ 54. Kb3 Kc7 55. g4 fxg4 56. hxg4 Kd7 57. f3 Ke7 58. Re5 Kf6 59. Ra5
Ke7 60. Re5 Rc1 61. Ra5 Rf1 62. Rxa6 Rxf3+ 63. Kc4 Rf4+ 64. Kc5 Rxg4 65. Ra7+
Kf6 66. b5 Rg1 67. Ra4 Rc1+ 68. Kd6 Rb1 69. Kc6 h5 70. b6 g4 71. Ra5 Rc1+ 72.
Kd6 Rd1+ 73. Kc6 Rc1+ 74. Kd6 Rb1 75. Kc6 g3 76. Rb5 Rxb5 77. Kxb5 g2 78. b7
g1=Q 79. b8=Q Qb1+
0-1

[Event "Oslo Chess International 2014"]
[Site "Oslo"]
[Date "2014.09.28"]
[Round "7"]
[White "Kvisla, Johannes Luangtep"]
[Black "Risting, Eivind Olav"]
[Result "0-1"]
[WhiteElo "2096"]
[BlackElo "2032"]
[PlyCount "116"]
[EventDate "2014.??.??"]

1. d4 Nf6 2. Bg5 d5 3. Bxf6 exf6 4. e3 Bd6 5. Bd3 O-O 6. h3 g6 7. Ne2 Nd7 8.
Nd2 c6 9. c3 f5 10. Qb3 Qe7 11. O-O-O Nf6 12. Rhf1 a5 13. Rde1 b5 14. Qc2 Re8
15. Ng1 Bd7 16. Kd1 c5 17. dxc5 Bxc5 18. Ngf3 Rec8 19. Rh1 b4 20. g3 bxc3 21.
bxc3 Bb4 22. Nb1 Ne4 23. Bxe4 dxe4 24. Nd4 Qe5 25. a3 Bf8 26. Kd2 Rab8 27. Rc1
Rc4 28. Ke1 Rb7 29. Kf1 Qb8 30. Kg2 Rb2 31. Qd1 Ba4 32. Qe1 Qc7 33. h4 h5 34.
Ne2 Bg7 35. Nd2 Rc6 36. Rb1 Ra2 37. Nd4 Rxc3 38. N2b3 Bxb3 39. Nxb3 Rxa3 40.
Qd1 Rd3 41. Qc1 Qxc1 42. Nxc1 Rd2 43. Nb3 Rb2 44. Nc5 Rc2 45. Rhc1 Rxc1 46.
Rxc1 Rc3 47. Rxc3 Bxc3 48. f3 Bb4 49. Na4 Kg7 50. Kf2 Kf6 51. Nb6 Ke6 52. fxe4
fxe4 53. Ke2 Kf5 54. Na4 Kg4 55. Kf2 Bd6 56. Nc3 Bxg3+ 57. Kg2 f5 58. Ne2 a4
0-1

[Event "Oslo Chess International 2014"]
[Site "Oslo"]
[Date "2014.09.28"]
[Round "7"]
[White "Jacobsen, Fredrik Beer"]
[Black "Omtvedt, Per"]
[Result "1-0"]
[WhiteElo "2046"]
[BlackElo "1948"]
[PlyCount "33"]
[EventDate "2014.??.??"]

1. e4 c5 2. Nc3 Nc6 3. Bb5 d6 4. Bxc6+ bxc6 5. f4 g6 6. Nf3 Bg7 7. O-O e6 8. d3
Ne7 9. Qe1 O-O 10. Be3 Rb8 11. Rb1 Qa5 12. e5 Nf5 13. Bf2 d5 14. g4 Ne7 15.
Nxd5 Qd8 16. Nxe7+ Qxe7 17. Qc3 1-0

[Event "Oslo Chess International 2014"]
[Site "Oslo"]
[Date "2014.09.28"]
[Round "7"]
[White "Keadana, Amir"]
[Black "Tryggestad, Andreas G"]
[Result "0-1"]
[WhiteElo "1628"]
[BlackElo "2019"]
[PlyCount "72"]
[EventDate "2014.??.??"]

1. d4 Nf6 2. c4 g6 3. Nc3 d5 4. Nf3 Bg7 5. Bg5 Ne4 6. cxd5 Nxc3 7. bxc3 Qxd5 8.
e3 Bg4 9. Be2 Nd7 10. Bf4 O-O 11. O-O Qa5 12. Qb3 Qb6 13. Rab1 c5 14. h3 Bf5
15. Nd2 Bxb1 16. Rxb1 cxd4 17. cxd4 Qxb3 18. Rxb3 b6 19. Ba6 e5 20. dxe5 Bxe5
21. Bxe5 Nxe5 22. Nc4 Nxc4 23. Bxc4 Rac8 24. Bd5 Rc1+ 25. Kh2 Rc2 26. Ra3 Rd8
27. Bb3 Rxf2 28. Rxa7 Rdd2 29. Kh1 Kg7 30. Rb7 Rxg2 31. Bxf7 Kh6 32. Bg8 Rge2
33. Rxh7+ Kg5 34. h4+ Kg4 35. Be6+ Kg3 36. Bb3 Re1#
0-1

[Event "Oslo Chess International 2014"]
[Site "Oslo"]
[Date "2014.09.28"]
[Round "7"]
[White "Nilsen, Tobias Lang"]
[Black "Pettersson, Ola"]
[Result "1/2-1/2"]
[WhiteElo "1652"]
[BlackElo "1997"]
[PlyCount "42"]
[EventDate "2014.??.??"]

1. d4 Nf6 2. c4 c5 3. d5 g6 4. Nc3 Bg7 5. e4 d6 6. Bd3 O-O 7. Nge2 e6 8. O-O
exd5 9. cxd5 Re8 10. Qc2 a6 11. a4 Nbd7 12. f4 Ng4 13. h3 c4 14. hxg4 cxd3 15.
Qxd3 Nc5 16. Qf3 Qh4 17. f5 Nb3 18. Ra3 Nd4 19. Nxd4 Bxd4+ 20. Be3 Be5 21. Bf4
Bd4+
1/2-1/2

[Event "Oslo Chess International 2014"]
[Site "Oslo"]
[Date "2014.09.28"]
[Round "7"]
[White "Johansen, Pål H"]
[Black "Johansen, Kai-Roger"]
[Result "1-0"]
[WhiteElo "1919"]
[BlackElo "1995"]
[PlyCount "47"]
[EventDate "2014.??.??"]

1. e4 c5 2. Nf3 Nc6 3. d4 cxd4 4. Nxd4 Nf6 5. Nc3 d6 6. Bc4 e6 7. O-O Be7 8.
Be3 O-O 9. f3 a6 10. a4 Qc7 11. Qe2 Bd7 12. Nxc6 Bxc6 13. Rfd1 Rac8 14. a5 Bxe4
15. Bxe6 fxe6 16. fxe4 Qc4 17. Qd3 Qb4 18. Bd4 e5 19. Ra4 Qxb2 20. Nd5 Qxc2 21.
Nxe7+ Kf7 22. Nxc8 Qxa4 23. Nxd6+ Ke6 24. Bb6
1-0

[Event "Oslo Chess International 2014"]
[Site "Oslo"]
[Date "2014.09.28"]
[Round "7"]
[White "Østby, Martin Bergsjø"]
[Black "Moseng, Geir"]
[Result "0-1"]
[WhiteElo "1897"]
[BlackElo "1983"]
[PlyCount "56"]
[EventDate "2014.??.??"]

1. e4 g6 2. d4 Bg7 3. Nc3 c6 4. f4 d5 5. e5 Nh6 6. Nf3 f6 7. Bd3 Bg4 8. O-O O-O
9. h3 Bxf3 10. Rxf3 e6 11. Ne2 fxe5 12. fxe5 Rxf3 13. gxf3 c5 14. c3 Nc6 15.
Be3 Qh4 16. Bf2 Qg5+ 17. Kh2 cxd4 18. cxd4 Rf8 19. Qg1 Qh5 20. f4 Nb4 21. Qg3
g5 22. Be1 Nxd3 23. Qxd3 gxf4 24. Bd2 Ng4+ 25. Kg2 f3+ 26. Kg3 Nf2 27. Nf4 Rxf4
28. Kxf2 Qh4+
0-1

[Event "Oslo Chess International 2014"]
[Site "Oslo"]
[Date "2014.09.28"]
[Round "7"]
[White "Edakina, Maria"]
[Black "Fredriksen, Jan Gunnar"]
[Result "0-1"]
[WhiteElo "1675"]
[BlackElo "1977"]
[PlyCount "88"]
[EventDate "2014.??.??"]

1. e4 e5 2. Nf3 f5 3. d4 fxe4 4. Nxe5 Nf6 5. d5 c6 6. Nc3 Bb4 7. Qd4 Bxc3+ 8.
bxc3 cxd5 9. h3 Nc6 10. Nxc6 dxc6 11. Bf4 O-O 12. Be2 b6 13. O-O Be6 14. a4 Nd7
15. Bg3 Qg5 16. c4 c5 17. Qe3 Qxe3 18. fxe3 dxc4 19. Rfd1 Nf6 20. Rd6 Kf7 21.
Rad1 Rfe8 22. a5 b5 23. Bf4 Re7 24. Kf2 Rd7 25. Rxd7+ Nxd7 26. Rd6 Nf6 27. Rc6
Nd7 28. Kg3 b4 29. Rc7 Ke8 30. Bg4 Bxg4 31. hxg4 b3 32. cxb3 c3 33. Be5 Nxe5
34. Rxc5 Nd3 35. Rxc3 Kd7 36. Rc4 Re8 37. b4 Re5 38. b5 Rxb5 39. Rxe4 Nc5 40.
Rf4 Ke7 41. a6 Nxa6 42. Ra4 Rb6 43. Kf4 Rb4+ 44. Rxb4 Nxb4
0-1

[Event "Oslo Chess International 2014"]
[Site "Oslo"]
[Date "2014.09.28"]
[Round "7"]
[White "Huse, Sigurd Kjelsbøl"]
[Black "Kverndal, Leif"]
[Result "1-0"]
[WhiteElo "1720"]
[BlackElo "1838"]
[PlyCount "63"]
[EventDate "2014.??.??"]

1. e4 c5 2. Nf3 e6 3. d4 cxd4 4. Nxd4 Bc5 5. Nb3 Bb6 6. Nc3 Ne7 7. Bc4 Nbc6 8.
O-O O-O 9. Bf4 e5 10. Be3 a5 11. Nd5 Nxd5 12. Qxd5 a4 13. Nd2 Ra5 14. Qd3 d6
15. h3 Nd4 16. c3 Ne6 17. Bxe6 Bxe6 18. Nc4 Bxc4 19. Qxc4 Bxe3 20. fxe3 Qb6 21.
Qe2 Rb5 22. Rf2 Rc8 23. Rd1 a3 24. b3 Rxc3 25. Rxd6 Qxd6 26. Qxb5 f6 27. Rd2
Qc6 28. Qxc6 bxc6 29. Kf2 Rc1 30. Ke2 Kf7 31. Rd1 Ke6 32. Rxc1
1-0

[Event "Oslo Chess International 2014"]
[Site "Oslo"]
[Date "2014.09.28"]
[Round "7"]
[White "Roksvold, Thore"]
[Black "Tveten, Per"]
[Result "1-0"]
[WhiteElo "1140"]
[BlackElo "1593"]
[PlyCount "39"]
[EventDate "2014.??.??"]

1. e4 e5 2. Bc4 Bc5 3. Nf3 Nc6 4. c3 Nf6 5. d4 exd4 6. cxd4 Bb4+ 7. Nbd2 O-O 8.
O-O Bxd2 9. Bxd2 Nxe4 10. d5 Nxd2 11. Qxd2 Ne7 12. d6 Nf5 13. dxc7 Qxc7 14.
Rac1 Qd8 15. Bd3 d6 16. Rc3 g6 17. Rfc1 Ne7 18. Qh6 Nc6 19. Ng5 d5 20. Qxh7#
1-0

[Event "Oslo Chess International 2014"]
[Site "Oslo"]
[Date "2014.09.28"]
[Round "8"]
[White "Kovachev, Daniel Jakobsen"]
[Black "Sirletti, Sonia"]
[Result "1/2-1/2"]
[WhiteElo "2289"]
[BlackElo "1843"]
[PlyCount "99"]
[EventDate "2014.??.??"]

1. d4 d5 2. c4 e6 3. Nc3 Nf6 4. cxd5 exd5 5. Bg5 Be7 6. e3 O-O 7. Bd3 c6 8. Qc2
Nbd7 9. Nge2 Re8 10. f3 Nf8 11. O-O g6 12. Rad1 Ne6 13. Bh4 b6 14. Kh1 Bb7 15.
h3 a6 16. e4 c5 17. dxc5 Nxc5 18. Bxf6 Bxf6 19. exd5 Rc8 20. b4 Nxd3 21. Qxd3
Rc7 22. Rd2 Rd7 23. Rfd1 Bg5 24. f4 Be7 25. a3 Qa8 26. Qf3 a5 27. Rd4 Bf6 28.
R4d3 Be7 29. Rd4 Bf6 30. R4d3 Be7 31. bxa5 Qxa5 32. a4 Bf6 33. f5 Kg7 34. fxg6
hxg6 35. Rf1 Bxc3 36. Rxc3 Qxd5 37. Qf6+ Kg8 38. Nf4 Qe5 39. Qxe5 Rxe5 40. Rb1
Rd6 41. Rcb3 Re4 42. Rxb6 Rxb6 43. Rxb6 Rxf4 44. Rxb7 Rxa4 45. Kh2 Kg7 46. Kg3
Kf6 47. Kf3 Ra3+ 48. Kg4 Ra4+ 49. Kf3 Ra3+ 50. Kg4 1/2-1/2

[Event "Oslo Chess International 2014"]
[Site "Oslo"]
[Date "2014.09.28"]
[Round "8"]
[White "Wahlstedt, Mats"]
[Black "Kvisla, Johannes Luangtep"]
[Result "0-1"]
[WhiteElo "1980"]
[BlackElo "2096"]
[PlyCount "52"]
[EventDate "2014.??.??"]

1. e4 e5 2. Nf3 Nc6 3. Bb5 a6 4. Ba4 Nf6 5. d3 d6 6. c3 Bd7 7. O-O g6 8. Re1
Bg7 9. d4 O-O 10. dxe5 dxe5 11. c4 Qe7 12. Bxc6 Bxc6 13. Nc3 Rfe8 14. Qc2 b5
15. Nd5 Nxd5 16. cxd5 Bb7 17. Bd2 c6 18. dxc6 Rac8 19. Qb3 Bxc6 20. Bb4 Qb7 21.
Nd2 Bh6 22. f3 Qa7+ 23. Kh1 a5 24. a4 bxa4 25. Rxa4 Bxa4 26. Qxa4 Qf2
0-1

[Event "Oslo Chess International 2014"]
[Site "Oslo"]
[Date "2014.09.28"]
[Round "8"]
[White "Risting, Eivind Olav"]
[Black "Svensen, Tarjei Joten"]
[Result "0-1"]
[WhiteElo "2032"]
[BlackElo "2082"]
[PlyCount "66"]
[EventDate "2014.??.??"]

1. e4 e6 2. d4 d5 3. Nc3 Nf6 4. e5 Nfd7 5. f4 c5 6. Nf3 Nc6 7. Be3 a6 8. Qd2 b5
9. dxc5 Bxc5 10. Bd3 Qb6 11. Bf2 Bxf2+ 12. Qxf2 Nc5 13. O-O b4 14. Ne2 Rb8 15.
Ned4 Bd7 16. g4 Ne4 17. Qe3 Nxd4 18. Nxd4 h5 19. g5 g6 20. Bxe4 dxe4 21. Qxe4
Rc8 22. Kg2 Rc4 23. Qa8+ Bc8 24. b3 O-O 25. bxc4 Bb7+ 26. Qxb7 Qxb7+ 27. Kg3
Qe4 28. Rad1 Rd8 29. Nf3 Rxd1 30. Rxd1 Qxc2 31. Rd8+ Kg7 32. Rd4 a5 33. Rd7 a4
0-1

[Event "Oslo Chess International 2014"]
[Site "Oslo"]
[Date "2014.09.28"]
[Round "8"]
[White "Tryggestad, Andreas G"]
[Black "Jacobsen, Fredrik Beer"]
[Result "1/2-1/2"]
[WhiteElo "2019"]
[BlackElo "2046"]
[PlyCount "59"]
[EventDate "2014.??.??"]

1. e4 c5 2. c3 d5 3. exd5 Qxd5 4. d4 Nf6 5. Nf3 Bg4 6. dxc5 Qxc5 7. Be3 Qc7 8.
Na3 a6 9. Be2 e6 10. h3 Bh5 11. O-O Be7 12. Qa4+ Nbd7 13. Bf4 Qc8 14. c4 O-O
15. b4 b5 16. cxb5 axb5 17. Qb3 Bxb4 18. Nxb5 Nd5 19. Bg3 Nc5 20. Qc4 Na4 21.
Qh4 Bg6 22. Ne5 Nac3 23. Nxc3 Bxc3 24. Nxg6 hxg6 25. Rac1 Rxa2 26. Qc4 Qa8 27.
Bf3 Rc8 28. Qd3 Rd2 29. Qb5 Rb2 30. Qd3 1/2-1/2

[Event "Oslo Chess International 2014"]
[Site "Oslo"]
[Date "2014.09.28"]
[Round "8"]
[White "Smeby, Ole"]
[Black "Hem, Even Elias Yuan"]
[Result "1-0"]
[WhiteElo "2042"]
[BlackElo "1648"]
[PlyCount "53"]
[EventDate "2014.??.??"]

1. d4 Nf6 2. Nf3 d5 3. e3 c5 4. c4 e6 5. Nc3 Nc6 6. cxd5 Nxd5 7. g3 cxd4 8.
exd4 Bb4 9. Bd2 O-O 10. Bg2 Re8 11. O-O Nf6 12. Be3 Qa5 13. Qc2 Bd7 14. Ne4 Nd5
15. Neg5 g6 16. h4 Bf8 17. h5 Rac8 18. Qe4 Nce7 19. hxg6 Nxg6 20. Ne5 Nf6 21.
Qf3 Bg7 22. Nxd7 Qd8 23. Nxf6+ Bxf6 24. Qh5 Qd7 25. Qxh7+ Kf8 26. Be4 Bxg5 27.
Bxg5
1-0

[Event "Oslo Chess International 2014"]
[Site "Oslo"]
[Date "2014.09.28"]
[Round "8"]
[White "Johansen, Kai-Roger"]
[Black "Erikstad, Olav"]
[Result "1-0"]
[WhiteElo "1995"]
[BlackElo "1832"]
[PlyCount "61"]
[EventDate "2014.??.??"]

1. c4 c6 2. d4 d5 3. Nc3 Nf6 4. Nf3 e6 5. Bg5 dxc4 6. e3 b5 7. a4 Bb4 8. Nd2
Bxc3 9. bxc3 Qd5 10. Bxf6 gxf6 11. Be2 Qxg2 12. Bf3 Qg6 13. axb5 Bd7 14. Nxc4
cxb5 15. Na5 e5 16. Bxa8 e4 17. Kd2 Bg4 18. Qb1 Qf5 19. Rf1 Bh3 20. Bxe4 Qe6
21. Qxb5+ Nd7 22. Nb7 Bxf1 23. Qxf1 f5 24. Bf3 Ke7 25. Rxa7 Qb6 26. Qa1 Kf8 27.
Qa3+ Kg7 28. Nd6 Rb8 29. Rxd7 Qb1 30. Rxf7+ Kg8 31. Rb7 1-0

[Event "Oslo Chess International 2014"]
[Site "Oslo"]
[Date "2014.09.28"]
[Round "8"]
[White "Moseng, Geir"]
[Black "Johansen, Pål H"]
[Result "0-1"]
[WhiteElo "1983"]
[BlackElo "1919"]
[PlyCount "70"]
[EventDate "2014.??.??"]

1. d4 d5 2. c4 c6 3. Nc3 Nf6 4. e3 a6 5. Nf3 Bf5 6. Be2 e6 7. O-O Bd6 8. c5 Bc7
9. b4 Nbd7 10. Bb2 O-O 11. a4 Re8 12. h3 Ne4 13. Nxe4 dxe4 14. Nd2 Qg5 15. Bg4
Bg6 16. Nc4 Rad8 17. Qb3 Nf6 18. Be2 Bf5 19. f4 Qg3 20. Kh1 Nd5 21. Ra3 g5 22.
Ne5 f6 23. Ng4 Kg7 24. Bc1 h5 25. Nh2 g4 26. Bd2 Qh4 27. Be1 g3 28. Rg1 Kh6 29.
Nf1 Rg8 30. Nxg3 Rxg3 31. Bxg3 Qxg3 32. Bf1 Rg8 33. b5 Bxh3 34. Qc2 Bf5 35.
bxa6 Qh4# 0-1